| 000 | 01148nam a2200253Ia 4500 | ||
|---|---|---|---|
| 999 |
_c36393 _d36393 |
||
| 001 | 2307 | ||
| 003 | GE_BSU | ||
| 005 | 20190530152734.0 | ||
| 008 | 181216s2011||||ge |||||||||||||| ||geo|| | ||
| 040 | _cGE_BSU | ||
| 041 | _ageo | ||
| 080 | _a1+159.9 ფ–98 | ||
| 100 |
_aფუტკარაძე, ცირა _91842 |
||
| 245 |
_aქრისტიანი და მაჰმადიანი ქართველების ღირებულებები და ღირებულებითი ორიენტაციები : _bნაწ. 1 / _cცირა ფუტკარაძე ; რედ. გული შერვაშიძე. |
||
| 264 |
_aბათუმი : _b "გამომცემლობა აჭარა", _c2011. |
||
| 300 |
_a111 გვ.; _b20 სმ. |
||
| 504 | _a ბიბლიოგრ.: გვ. 109-110. | ||
| 541 | _h4ლ. | ||
| 653 | _aრელიგია | ||
| 653 | _aქრისტიანობა | ||
| 653 | _aმაჰმადიანობა | ||
| 700 |
_aშერვაშიძე, გული _eრედაქტორი _91843 |
||
| 942 |
_cBK _2udc |
||